| 000 | 01068nac a22003137a 4500 | ||
|---|---|---|---|
| 001 | BR7805622 | ||
| 003 | BR-BrBNA | ||
| 005 | 20240105114304.0 | ||
| 008 | 230509b bl.|||m| |||| 00| 0 por d | ||
| 040 |
_aBR-BrBNA _bpor _cBiblioteca Nacional de Agricultura |
||
| 072 | _aE10; E70 | ||
| 090 | _aE10 BR7805622 | ||
| 100 | 1 | _aMartone, C.L. | |
| 110 | 1 |
_aUniversidade de Sao Paulo, Sao Paulo (Brasil). Inst. de Pesquisas Economicas _910549 |
|
| 245 | 1 | _aUm modelo monetario da inflacao e do balanco de pagamentos [Credito; Politica economica; Balanco de pagamento; Preco] | |
| 260 | 3 |
_aSao Paulo, SP (Brasil): _cMar 1978. |
|
| 300 | _a52 p. | ||
| 490 |
_aTrabalho para Discussao - Universidade de Sao Paulo. Inst. de Pesquisas Economicas (Brazil) _vno. 25 _x |
||
| 500 | _a34 ref. | ||
| 650 | _aMacroeconomia | ||
| 650 | _aComercializacao | ||
| 650 | _aCredito | ||
| 650 | _aInflacao | ||
| 650 | _aPolitica economica | ||
| 650 | _aBalanco de pagamento | ||
| 650 | _aPreco | ||
| 909 |
_a202312 _bLúcia Elande _c55 _dLúcia Elande |
||
| 942 |
_2AGRIS _n0 _cMS |
||
| 999 |
_c268477 _d268477 |
||